| 000 | 00757cam a2200205 4500 | ||
|---|---|---|---|
| 001 | WB3627-10 | ||
| 008 | 000000n2000 000 0 eng u | ||
| 035 | _a(Sirsi) u107084 | ||
| 245 | _aFears of house price inflation from single currency | ||
| 260 | _c2000 | ||
| 490 |
_aFinancial Times _v 10 July 2000, 4(1) |
||
| 520 | _aA paper by academic researchers has argued that the structure of the housing market could mean that membership of the single currency would lead to a build-up of inflationary pressures. | ||
| 590 | _aWB | ||
| 650 | _aHOUSE PRICE INFLATION | ||
| 650 | _aSINGLE CURRENCY | ||
| 650 | _aHOUSING MARKET | ||
| 650 | _aOWNER-OCCUPIED HOUSING | ||
| 690 | _aPROPERTY-RESIDENTIAL PROPERTY-RESIDENTIAL PROPERTY MARKET | ||
| 942 | _n0 | ||
| 999 |
_c64035 _d64035 |
||